000 00204 a2200097 4500
020 _a9780590748476
041 _aeng
100 _aPhoebe,Gilman
245 _aThe wonderful Pigs of Jillian Jiggs
942 _cBK
999 _c8779
_d8779